Logo National 1 2024/25 - Statistiques

Statistiques générales
  • Ce quiz a été pris 114 fois
  • Le résultat moyen est 14 sur 17
Statistiques - réponses
Par images Réponse % Correct
Dijon FCO
99%
FC Sochaux Montbéliard
97%
Valenciennes FC
96%
AS Nancy Lorraine
90%
Le Mans FC
90%
FC Versailles 78
88%
Quevilly Rouen M
88%
FC Rouen
87%
US Boulogne CO
86%
La Berrichonne de Châteauroux
85%
US Orléans
80%
F Bourg-en-Bresse Péronnas 01
78%
Nîmes Olympique
75%
US Concarnoise
75%
Aubagne FC
63%
Paris 13 Atletico
61%
FC Villefranche Beaujolais
59%
Aucun quiz correspondant
Distribution des résultats
% des personnes avec chaque résultat
Percentile par nombre de réponses
Votre historique - résultats
Vous n’avez pas pris ce quiz